000 01010nam a2200313 a 4500
008
020 _a9780323477796 (hardback)
040 _aNUST
_cNUST
049 _aMAIN
090 _aRC280.L9
_bLYM
245 1 0 _aLymph nodes and extranodal lymphomas/
_cedited by L Jeffrey Medeiros & Roberto N Miranda.
250 _aSecond edition.
260 _aPhiladelphia, PA :
_bElsevier,
_c2018.
300 _axvii, 940 pages :
_billustrations (chiefly colour) ;
_c29 cm.
336 _atext
_btxt
_2rdacontent
337 _aunmediated
_bn
_2rdamedia
338 _avolume
_bnc
_2rdacarrier
500 _aIncludes index.
650 1 _aLymph nodes
_xDiseases
_vDiagnosis.
650 _aLymphomas
_xDiagnosis.
650 _aLymphatics.
650 _aLymphomas.
700 _aMedeiros, L Jeffrey.,
_aeditor.
700 _aMiranda, Roberto N.,
_aeditor.
907 _a.b10404223
_b10-06-21
_c09-06-21
003
005 20230120204305.0
942 _cBOOKS
_kRC280.L9
_mLYM
999 _c120555
_d120555